Ideología y aparatos ideológicos de Estado. Notas para una investigación
Uloženo v:
| Hlavní autor: | |
|---|---|
| Médium: | Text |
| Vydáno: |
Medellín:
La Oveja Negra
|
| Tagy: |
Přidat tag
Žádné tagy, Buďte první, kdo vytvoří štítek k tomuto záznamu!
|
MARC
| LEADER | 00000 a a2200000 04500 | ||
|---|---|---|---|
| 001 | 25181 | ||
| 003 | |||
| 040 | |||
| 090 | |a 182300 | ||
| 100 | |a Althusser, Louis | ||
| 245 | |a Ideología y aparatos ideológicos de Estado. Notas para una investigación | ||
| 260 | |a Medellín: |b La Oveja Negra | ||
| 300 | |a 71 p. | ||
| 999 | |c 15959 |d 15959 | ||
